1471 1622 1637 1553 1554 1153 1399 1884 1583 1077 1512 1652 1580 1122 1966 1280 1950 1056 1228 1334 1910 1513 1656 1730 1872 1577 1205 1506 1650 1919 1072 1051 1100 1608 1718 1110 1429 1937 1019 1324 1472 1274 1129 1463 1409 1394 1580 1503 1555 1008 1053 1900 1742 1567 1501 1652 1792 1651 1707 1699 1496 1597 1540 1756 1211 1366 1884 1747 1101 1387 1204 1577 1966 1917 1342 1789 1709 1915 1486 1343 1435 1962 1976 1945 1021 1680 1370 1222 1483 1009 1754 1664 1184 1711 1250 1367 1764 1003 1036 BCNSPRNW ULIB Ver.6.0+V

เปลี่ยนเป็นภาษาไทย

Change to English
 แสดงรายละเอียดบรรณานุกรม
  กลับหน้าหลัก

Brief Record : Get Marc (ISO 2709) : E-mail record : QR code < ปิดหน้าต่าง
LEADER : 00000nas 2200000uu 4500
001    13399113991
003     ULIB
008    120120s||||||||th 000 0 tha d
022    ^a16868196
110    ^aมติชน จำกัด
245     มติชน(วิทยาเขตนครสวรรค์)
260    ^aกรุงเทพฯ :^bมติชน จำกัด
300    ^a105 หน้า
310    ^aรายสัปดาห์
850    ^aฉ.2;ฉ.3;ฉ.4;ฉ.5;ฉ.6;ฉ.7;ฉ.8;ฉ.9;ฉ.10;ฉ.11;ฉ.12;ฉ.13;ฉ.14;ฉ.15;ฉบับที่ 1697 ปีที่ 33;ฉบับที่ 1698 ปีที่ 33;ฉบับที่ 1699 ปีที่ 33;ฉบับที่ 1700 ปีที่ 33;ฉบับที่ 1701 ปีที่ 33;ฉบับที่ 1703 ปีที่ 33;ฉบับที่ 1704 ปีที่ 33;ฉบับที่ 1705 ปีที่ 33;ฉบับที่ 1706 ปีที่ 33
945    ^p40^l0^i800030
945    ^p40^l0^i800059
945    ^p40^l0^i800060
945    ^p40^l0^i800061
945    ^p40^l0^i800099
945    ^p40^l0^i800105
945    ^p40^l0^i800120
945    ^p40^l0^i800121
945    ^p40^l0^i800150
945    ^p40^l0^i800153
945    ^p40^l0^i800154
945    ^p40^l0^i800155
945    ^p40^l0^i800156
945    ^p40^l0^i800185
945    ^p40^l0^i800186
945    ^p40^l0^i800404
945    ^p40^l0^i800413
945    ^p40^l0^i800425
945    ^p40^l0^i800436
945    ^p40^l0^i800448
945    ^p40^l0^i800458
945    ^p40^l0^i800470
945    ^p40^l0^i800476
945    ^p40^l0^i800481
999    ^aกัณชพร
รายการนี้ยังไม่มีแท็ก
คุณยังไม่ได้ล็อกอิน คุณสามารถมีกิจกรรมร่วมกับเว็บไซต์ได้ แต่ต้องล็อกอินก่อน ::
  ล็อกอิน

รายการสื่อสารสนเทศ (วารสาร)

ดูแบบ: กล่อง รายการ
ARRIVED
no call number
สถานที่: ห้องสมุดวิทยาเขตสวรรค์ประชารักษ์ >วารสาร
ARRIVED
ฉบับที่ 1697 ปีที่ 33
สถานที่: ห้องสมุดวิทยาเขตสวรรค์ประชารักษ์ >วารสาร
ARRIVED
ฉบับที่ 1698 ปีที่ 33
สถานที่: ห้องสมุดวิทยาเขตสวรรค์ประชารักษ์ >วารสาร
ARRIVED
ฉบับที่ 1699 ปีที่ 33
สถานที่: ห้องสมุดวิทยาเขตสวรรค์ประชารักษ์ >วารสาร
ARRIVED
ฉบับที่ 1700 ปีที่ 33
สถานที่: ห้องสมุดวิทยาเขตสวรรค์ประชารักษ์ >วารสาร
ARRIVED
ฉบับที่ 1701 ปีที่ 33
สถานที่: ห้องสมุดวิทยาเขตสวรรค์ประชารักษ์ >วารสาร
ARRIVED
ฉบับที่ 1703 ปีที่ 33
สถานที่: ห้องสมุดวิทยาเขตสวรรค์ประชารักษ์ >วารสาร
ARRIVED
ฉบับที่ 1704 ปีที่ 33
สถานที่: ห้องสมุดวิทยาเขตสวรรค์ประชารักษ์ >วารสาร
ARRIVED
ฉบับที่ 1705 ปีที่ 33
สถานที่: ห้องสมุดวิทยาเขตสวรรค์ประชารักษ์ >วารสาร
ARRIVED
ฉบับที่ 1706 ปีที่ 33
สถานที่: ห้องสมุดวิทยาเขตสวรรค์ประชารักษ์ >วารสาร

BibComment


ยังไม่เคยถูกคอมเมนท์

คอมเมนท์ทรัพยากรรายการนี้
  คอมเมนท์: มติชนวิทยาเขตนคร..


 Copyright 2026. Bcnsprnw @Library